'O' Funko Pop! Characters Quiz Stats

 Plays Quiz not verified by Sporcle

Score 0/20 Timer 03:00
1 Play Today
% Correct
Olaf
96.2%
Oscar
96.2%
Optimus Prime
95.8%
Oswald
94.8%
Oompa Loompa
94.8%
Obi-Wan Kenobi
93%
Odin
90.6%
Owen Grady
85.7%
Other Mother
85.4%
Okoye
83.6%
% Correct
Oddjob
79.4%
Ocean Master
77.7%
Olenna Tyrell
77.4%
Olivia
77.4%
Oogie Boogie
77.4%
Orson Krennic
75.6%
Obelix
74.2%
Oberyn
72.1%
Oblina
63.8%
O-Ren Ishii
63.8%

You're not logged in!

Compare scores with friends on all Sporcle quizzes.
OR
Log In

Show Comments

Extras

Top Quizzes Today


Score Distribution

Your Account Isn't Verified!

In order to create a playlist on Sporcle, you need to verify the email address you used during registration. Go to your Sporcle Settings to finish the process.

Report this User

Report this user for behavior that violates our Community Guidelines.

Details: